| 000 | 00809nas a2200229 4500 | ||
|---|---|---|---|
| 001 | BR8205196 | ||
| 003 | BR-BrBNA | ||
| 005 | 20231205085241.0 | ||
| 007 | ta | ||
| 008 | 230509b bl.|||p| |||| 00| 00por d | ||
| 040 |
_aBR-BrBNA _bpor _cBiblioteca Nacional de Agricultura |
||
| 041 | _a(Pt) | ||
| 072 | _aF00 | ||
| 100 | 1 | _aMachado, G.R. (Instituto Rio Grandense do Arroz, Porto Alegre (Brazil). Equipe de Divulgacao) | |
| 245 | 1 | _aSao Borja: sede do 19. Congresso Estadual de Economia Orizicola [arroz, Oryza sativa, Rio Grande do Sul, Brasil] | |
| 650 | _aPRODUCAO VEGETAL | ||
| 650 | _aARROZ | ||
| 650 | _aRIO GRANDE DO SUL | ||
| 773 | 0 |
_tLavoura Arrozeira (Brazil) _xISSN 0023-9143 _g(Jul 1982), v. 35(336) p. 3-4, 6 _wBR8205196 |
|
| 909 |
_a202311 _bLúcia _c55 _dLúcia Elande |
||
| 942 |
_2AGRIS _n0 _cANA |
||
| 999 |
_c110251 _d110251 |
||